000 00870nam a2200217 a 4500
003 0
005 20250617150154.0
008 021121s19uu xx 00 eng d
050 _aPGS LB 1573
_b.L864 1999
100 _aLopez, Emmanuel Jesus G.
245 _aReading preferences of Southville International School grade two students SY 1998-1999 /
_cEmmanuel Jesus G. Lopez.
260 _aLas PiƱas City, Philippines : Southville International School and Colleges,
_bSouthville International School and Colleges,
_c1999.
300 _a25 pages :
_billustrations ;
_c28 cm.
504 _aIncludes bibliographical references.
650 _aReading interests.
650 _aReading (Primary).
650 _aChildren
_vBooks and reading.
650 _aGrade school students
_vBooks and reading.
650 _aReading
_vStudy and teaching (Primary).
942 _2lcc
_cPASS
999 _c96314
_d96314